LEADER 02410nas 2200841-a 450 001 996211402303316 005 20240223190440.0 011 $a2042-7158 035 $a(OCoLC)45769697 035 $a(CKB)954925417982 035 $a(CONSER)--2006238454 035 $a(DE-599)ZDB2041988-0 035 $a(EXLCZ)99954925417982 100 $a20010123a19499999 s-- - 101 0 $aeng 135 $aurbn||||||||| 181 $ctxt$2rdacontent 182 $cc$2rdamedia 183 $acr$2rdacarrier 200 00$aJournal of pharmacy and pharmacology 210 $aLondon $cRoyal Pharmaceutical Society of Great Britain 210 2 $aLondon $cPharmaceutical Press 210 2 $a[West Sussex] $cWiley 210 3 $aOxford$cOxford Academic 215 $a1 online resource 300 $aRefereed/Peer-reviewed 311 $a0022-3573 517 3 $aPharmacy and pharmacology 531 $aJ PHARM PHARMACOL 531 $aJ PHARM PHA 531 $aJOURNAL OF PHARMACY & PHARMACOLOGY 531 $aJ. PHARM. PHARMACOL 606 $aPharmacy$vPeriodicals 606 $aPharmacology$vPeriodicals 606 $aPharmacology 606 $aPharmacy 606 $aPharmacology$vPeriodicals 606 $aPharmacy$vPeriodicals 606 $aPharmacology 606 $aPharmacy 606 $aPharmacologie 606 $aPharmacologie$vPériodiques 606 $aPharmacie 606 $apharmacies (health facilities )$2aat 606 $aPharmacology$2fast$3(OCoLC)fst01060259 606 $aPharmacy$2fast$3(OCoLC)fst01060285 606 $aFarmacie$2gtt 606 $aFarmacologie$2gtt 608 $aPeriodical 608 $aPeriodicals.$2fast 608 $aPeriodicals.$2lcgft 608 $aPériodiques.$2rvmgf 615 0$aPharmacy 615 0$aPharmacology 615 0$aPharmacology. 615 0$aPharmacy. 615 2$aPharmacology 615 2$aPharmacy 615 2$aPharmacology 615 2$aPharmacy 615 6$aPharmacologie. 615 6$aPharmacologie 615 6$aPharmacie. 615 7$apharmacies (health facilities ) 615 7$aPharmacology. 615 7$aPharmacy. 615 17$aFarmacie. 615 17$aFarmacologie. 712 02$aRoyal Pharmaceutical Society of Great Britain, 906 $aJOURNAL 912 $a996211402303316 996 $aJournal of pharmacy and pharmacology$9794603 997 $aUNISA